| 000 | 00435nam a2200169Ia 4500 | ||
|---|---|---|---|
| 003 | GCL | ||
| 008 | 140319s9999 xx 000 0 eng d | ||
| 040 |
_aGCL / _cGCL |
||
| 082 | 0 | 4 |
_a621 _bT N |
| 100 | 1 | _aTIMINGS, ROGER | |
| 245 | 1 | 0 |
_aNEWNES MECHANICAL ENGINEER'S / _cTIMINGS, ROGER |
| 260 |
_a[S.N] : _bNEWNES |
||
| 300 | _a596 P | ||
| 650 | 0 | 4 | _aالتحليل الرياضى |
| 650 | 0 | 4 | _aMECHANICS ENGINEERING |
| 942 |
_2ddc _cBK |
||
| 999 |
_c11352 _d11352 |
||